1275 1530 1774 1295 1877 1801 1849 1688 1346 1965 1562 1628 1269 1994 1764 1885 1244 1083 1538 1715 1597 1781 1676 1114 1187 1603 1246 1067 1922 1193 1502 1725 1493 1764 1186 1445 1993 1229 1694 1691 1422 1630 1525 1184 1759 1132 1456 1005 1665 1979 1247 1635 1649 1909 1207 1224 1893 1298 1552 1864 1860 1571 1854 1263 1346 1370 1665 1833 1869 1657 1340 1705 1736 1650 1485 1598 1510 1660 1746 1882 1165 1686 1257 1144 1259 1202 1682 1832 1911 1705 1996 1740 1472 1869 1322 1311 1002 1317 1514 BCNSPRNW ULIB Ver.6.0+V

เปลี่ยนเป็นภาษาไทย

Change to English
 แสดงรายละเอียดบรรณานุกรม
  กลับหน้าหลัก

Brief Record : Get Marc (ISO 2709) : E-mail record : QR code < ปิดหน้าต่าง
LEADER : 00000nam 2200000uu 4500
001    13399113627
003     ULIB
008    111207s2552||||th 000 0 tha d
020    ^a9786115020126
090    ^aนว.^bห215ท 2552
100 0  ^aหยกในโอปอล
245 00 ^aทาสรักกลเสน่หา/^cหยกในโอปอล
250    ^aพิมพ์ครั้งที่ 1
260    ^aกรุงเทพฯ :^bSugar Beat,^c2552
300    ^a292 หน้า
710 1  ^aSugar Beat
945    ^p200^l0^i15782
995    ^aทศพร
999 ^a ทศพร
รายการนี้ยังไม่มีแท็ก
คุณยังไม่ได้ล็อกอิน คุณสามารถมีกิจกรรมร่วมกับเว็บไซต์ได้ แต่ต้องล็อกอินก่อน ::
  ล็อกอิน

รายการสื่อสารสนเทศ

ลำดับที่ ประเภท เลขเรียก/บาร์โค้ด สถานที่ สถานะ
1. นวนิยาย
นวนิยาย
นว. ห215ท 2552 ฉ.1 
  Barcode: 15782
ห้องสมุดวิทยาเขตสวรรค์ประชารักษ์
►นวนิยาย
บนชั้น
  ขอยืม

BibComment


ยังไม่เคยถูกคอมเมนท์

คอมเมนท์ทรัพยากรรายการนี้
  คอมเมนท์: ทาสรักกลเสน่หา ห..


 Copyright 2026. Bcnsprnw @Library